Valuers fight back (Record no. 81163)

MARC details
000 -LEADER
fixed length control field 00845cab a22001935a 4500
001 - CONTROL NUMBER
control field L146484
008 - FIXED-LENGTH DATA ELEMENTS--GENERAL INFORMATION
fixed length control field 090126e20090123xxka f 000 0 eng d
035 ## - SYSTEM CONTROL NUMBER
System control number (Sirsi) u146484
041 0# - LANGUAGE CODE
Language code of text/sound track or separate title eng
100 1# - MAIN ENTRY--PERSONAL NAME
Personal name Shepherd, Mark
245 00 - TITLE STATEMENT
Title Valuers fight back
260 ## - PUBLICATION, DISTRIBUTION, ETC.
Date of publication, distribution, etc. 2009
490 #0 - SERIES STATEMENT
Series statement Property Week
Volume/sequential designation 75(4) 23 January 2009, 28-30(3)
520 ## - SUMMARY, ETC.
Summary, etc. The second of a series of three articles (see also L146420 and L146625) which reports on the valuation profession's sceptical attitude to banks. Explains why valuers are urging the RICS not to change one of the most accurate valuation systems in the world which they are defending against criticism. Provides a quick international comparison of valuation in six countries.
590 ## - LOCAL NOTE (RLIN)
Local note KA
651 #4 - SUBJECT ADDED ENTRY--GEOGRAPHIC NAME
Geographic name International
690 ## - LOCAL SUBJECT ADDED ENTRY--TOPICAL TERM (OCLC, RLIN)
Topical term or geographic name as entry element PROPERTY-PROPERTY APPRAISAL AND VALUATION
942 ## - ADDED ENTRY ELEMENTS (KOHA)
Suppress in OPAC 0
Holdings
Withdrawn status Lost status Source of classification or shelving scheme Damaged status Not for loan Home library Current library Shelving location Date acquired Total Checkouts Full call number Barcode Date last seen Copy number Price effective from Koha item type
    Dewey Decimal Classification     London London Journal article 26/01/2009   L146484 146484-1001 06/08/2019 1 06/08/2019 Journal article